000 00277nam a2200109Ia 4500
008 200302s9999 xx 000 0 und d
100 _aHenri Stierlin & Other
245 _aLiving Architecture Ancient Mexican
260 _bMacdonald & Co. Ltd.
260 _c1968
300 _a192 P.,
999 _c142
_d142